| 000 | 00551cam a2200205ua 4500 | ||
|---|---|---|---|
| 001 | 11005 | ||
| 008 | 190727n ii |||gr||||Z||||||asm | ||
| 040 | _cMAIN | ||
| 041 | _aasm | ||
| 082 | _a320.954 | ||
| 100 |
_aNabin Gohain, _eAuthor. |
||
| 245 |
_aBharatar sangbidhanik sarkar aru ganatantra _cBy Nabin Gohain |
||
| 250 | _a1st ed. | ||
| 260 |
_aJorhat: _bBidya bhawan, _c2019. |
||
| 300 | _a425p. | ||
| 653 | _aPolitical science | ||
| 653 | _aConstitutional government and democrary | ||
| 653 | _aIndian government and politics | ||
| 942 | _cBK | ||
| 999 |
_c9911 _d9911 |
||